000 01004nam a2200301 a 4500
001 8213
003 BD-RjUL
005 20211208234537.0
008 140118s1966 njua b 00110 eng d
035 _a(BD-RjUL)8258
040 _aDLC/ICU
_cICU
_dVCCO
_dBD-RjUL
_beng
041 1 _aengfre
082 1 _a519.92
_bSIL 1966
100 1 0 _aSimonnard, Michel.
_925578
245 1 0 _aLinear programming /
_cby Michel Simmonard ; translated by William S. Jewell.
260 0 _aEnglewood Cliffs, N.J. :
_bPrentice-Hall,
_c1966.
300 _axxiv, 430 p. :
_bill. ;
_c24 cm.
500 _aQuantitative methods series.
504 _aIncludes index.
504 _aBibliography: p. 413-422.
650 0 _aLinear programming.
_96536
650 0 _aTransportation
_xMathematical models.
_919255
830 0 _aPrentice-Hall quantitative methods series
_925588
942 _2ddc
_cBK
999 _c8213
_d8213